[Event "45th FIDE Chess Olympiad Open"]
[Site "Budapest, Hungary"]
[Date "2024.09.20"]
[Round "9"]
[White "Oimahmadov, Sulaimon"]
[Black "QUICKPEN, Deborah Ebimobo-ere"]
[Result "0-1"]
[Board "204"]
[WhiteFideId "14701014"]
[BlackFideId "8511616"]
[BlackTitle "WCM"]
[WhiteElo "1953"]
[BlackElo "1918"]
[WhiteTeam "Tajikistan"]
[BlackTeam "Nigeria"]
[WhiteClock "0:54:52"]
[BlackClock "0:27:25"]
[Variant "Standard"]

1. e4 {[%clk 1:30:53]}  c5 {[%clk 1:30:50]} 2. Nf3 {[%clk 1:31:09]}  Nc6 {[%clk 1:30:56]} 3. d4 {[%clk 1:31:02]}  cxd4 {[%clk 1:30:43]} 4. Nxd4 {[%clk 1:31:07]}  Nf6 {[%clk 1:29:57]} 5. Nc3 {[%clk 1:31:20]}  e5 {[%clk 1:29:32]} 6. Ndb5 {[%clk 1:30:26]}  d6 {[%clk 1:29:26]} 7. Bg5 {[%clk 1:30:06]}  a6 {[%clk 1:28:03]} 8. Bxf6 {[%clk 1:27:01]}  gxf6 {[%clk 1:27:53]} 9. Na3 {[%clk 1:27:21]}  b5 {[%clk 1:27:22]} 10. Nd5 {[%clk 1:27:13]}  Bg7 {[%clk 1:25:48]} 11. c3 {[%clk 1:27:10]}  O-O {[%clk 1:24:58]} 12. Be2 {[%clk 1:26:50]}  f5 {[%clk 1:24:28]} 13. exf5 {[%clk 1:25:08]}  Bxf5 {[%clk 1:23:52]} 14. Nc2 {[%clk 1:24:59]}  Ne7 {[%clk 1:19:53]} 15. Nce3 {[%clk 1:24:54]}  Be6 {[%clk 1:17:33]} 16. Bf3 {[%clk 1:24:16]}  Rc8 {[%clk 1:14:34]} 17. Qd2 {[%clk 1:20:47]}  Nxd5 {[%clk 1:04:37]} 18. Bxd5 {[%clk 1:20:41]}  Qe7 {[%clk 1:04:38]} 19. O-O {[%clk 1:20:03]}  Bh6 {[%clk 0:59:36]} 20. Rad1 {[%clk 1:19:29]}  Rcd8 {[%clk 0:53:32]} 21. Nf5 {[%clk 1:16:50]}  Bxf5 {[%clk 0:53:31]} 22. Qxh6 {[%clk 1:17:13]}  Be6 {[%clk 0:52:18]} 23. Rd3 {[%clk 1:16:25]}  Kh8 {[%clk 0:50:18]} 24. Rfd1 {[%clk 1:10:04]}  Rg8 {[%clk 0:48:24]} 25. Be4 {[%clk 1:08:52]}  f5 {[%clk 0:46:17]} 26. Bd5 {[%clk 1:09:01]}  Rg6 {[%clk 0:46:25]} 27. Qh3 {[%clk 1:08:12]}  Bc8 {[%clk 0:44:35]} 28. Qe3 {[%clk 1:07:10]}  f4 {[%clk 0:42:05]} 29. Qe1 {[%clk 1:03:42]}  Bf5 {[%clk 0:39:27]} 30. Be4 {[%clk 1:01:53]}  Qg5 {[%clk 0:32:55]} 31. g3 {[%clk 1:00:45]}  h5 {[%clk 0:26:24]} 32. h4 {[%clk 0:59:10]}  Qf6 {[%clk 0:25:35]} 33. Kh2 {[%clk 0:58:26]}  Kg7 {[%clk 0:10:17]} 34. R1d2 {[%clk 0:58:24]}  Kf7 {[%clk 0:07:32]} 35. Qh1 {[%clk 0:57:56]}  Ke7 {[%clk 0:04:06]} 36. Bxf5 {[%clk 0:56:18]}  Qxf5 {[%clk 0:04:28]} 37. Qb7+ {[%clk 0:56:21]}  Rd7 {[%clk 0:04:52]} 38. Qa8 {[%clk 0:50:47]}  Re6 {[%clk 0:01:00]} 39. Qd5 {[%clk 0:50:50]}  Qg4 {[%clk 0:00:54]} 40. Qf3 {[%clk 0:44:34]}  Qf5 {[%clk 0:30:09]} 41. Rd5 {[%clk 1:14:41]}  fxg3+ {[%clk 0:29:30]} 42. Kg2 {[%clk 1:06:39]}  Qxf3+ {[%clk 0:29:32]} 43. Kxf3 {[%clk 1:07:07]}  gxf2 {[%clk 0:29:52]} 44. Kxf2 {[%clk 1:07:21]}  Rg6 {[%clk 0:29:45]} 45. Rd1 {[%clk 1:05:37]}  Rg4 {[%clk 0:29:40]} 46. Rh1 {[%clk 1:05:59]}  Ke6 {[%clk 0:29:13]} 47. Rd3 {[%clk 1:05:46]}  e4 {[%clk 0:29:00]} 48. Rg3 {[%clk 1:05:36]}  Rf7+ {[%clk 0:28:41]} 49. Kg2 {[%clk 1:05:57]}  Rxg3+ {[%clk 0:28:55]} 50. Kxg3 {[%clk 1:06:25]}  Rf3+ {[%clk 0:29:07]} 51. Kg2 {[%clk 1:06:42]}  Ke5 {[%clk 0:28:10]} 52. a4 {[%clk 1:04:52]}  Rf4 {[%clk 0:27:27]} 53. axb5 {[%clk 1:04:52]}  axb5 {[%clk 0:27:50]} 54. Kg3 {[%clk 1:05:03]}  Rg4+ {[%clk 0:28:05]} 55. Kf2 {[%clk 1:05:16]}  Kf4 {[%clk 0:28:23]} 56. Rh3 {[%clk 1:03:19]}  d5 {[%clk 0:28:03]} 57. Rh2 {[%clk 1:00:43]}  e3+ {[%clk 0:28:08]} 58. Ke2 {[%clk 1:00:50]}  Ke4 {[%clk 0:28:02]} 59. Ke1 {[%clk 0:56:34]}  Kd3 {[%clk 0:28:07]} 60. Kf1 {[%clk 0:56:45]}  Rg3 {[%clk 0:27:40]} 61. Rh1 {[%clk 0:55:50]}  Kd2 {[%clk 0:27:41]} 62. Rh2+ {[%clk 0:55:57]}  Kd1 {[%clk 0:28:00]} 63. c4 {[%clk 0:54:37]}  d4 {[%clk 0:27:30]} 64. c5 {[%clk 0:54:15]}  d3 {[%clk 0:27:51]} 65. Rh1 {[%clk 0:54:12]}  Kd2 {[%clk 0:27:19]} 66. c6 {[%clk 0:54:24]}  e2+ {[%clk 0:27:16]} 67. Kf2 {[%clk 0:54:52]}  Rg8 {[%clk 0:27:25]} 0-1

[Event "45th FIDE Chess Olympiad Open"]
[Site "Budapest, Hungary"]
[Date "2024.09.20"]
[Round "9"]
[White "Susilodinata, Andrean"]
[Black "Allam, Mohamed"]
[Result "1/2-1/2"]
[Board "205"]
[WhiteFideId "7101651"]
[BlackFideId "11501731"]
[WhiteTitle "FM"]
[BlackTitle "CM"]
[WhiteElo "2393"]
[BlackElo "2053"]
[WhiteTeam "Indonesia"]
[BlackTeam "Palestine"]
[WhiteClock "0:22:08"]
[BlackClock "0:36:30"]
[Variant "Standard"]

1. d4 {[%clk 1:30:57]}  d5 {[%clk 1:30:50]} 2. Nc3 {[%clk 1:31:22]}  Nf6 {[%clk 1:30:23]} 3. Bf4 {[%clk 1:31:47]}  e6 {[%clk 1:30:17]} 4. Nb5 {[%clk 1:32:12]}  Bb4+ {[%clk 1:29:06]} 5. c3 {[%clk 1:32:36]}  Ba5 {[%clk 1:29:30]} 6. a4 {[%clk 1:32:57]}  a6 {[%clk 1:28:40]} 7. b4 {[%clk 1:32:40]}  Bxb4 {[%clk 1:27:57]} 8. cxb4 {[%clk 1:33:03]}  axb5 {[%clk 1:28:14]} 9. axb5 {[%clk 1:33:28]}  Rxa1 {[%clk 1:27:27]} 10. Qxa1 {[%clk 1:33:56]}  Qe7 {[%clk 1:24:02]} 11. Qb1 {[%clk 1:30:45]}  Nh5 {[%clk 1:22:10]} 12. Bd2 {[%clk 1:29:51]}  Nd7 {[%clk 1:21:46]} 13. e3 {[%clk 1:28:13]}  Nhf6 {[%clk 1:15:42]} 14. Nf3 {[%clk 1:25:10]}  O-O {[%clk 1:10:29]} 15. Bd3 {[%clk 1:25:19]}  e5 {[%clk 1:09:59]} 16. dxe5 {[%clk 1:24:39]}  Nxe5 {[%clk 1:10:19]} 17. Nxe5 {[%clk 1:24:46]}  Qxe5 {[%clk 1:10:42]} 18. O-O {[%clk 1:24:46]}  Ne4 {[%clk 1:07:12]} 19. Bc1 {[%clk 1:22:27]}  Bf5 {[%clk 1:03:14]} 20. Qb2 {[%clk 1:10:28]}  Qxb2 {[%clk 1:01:42]} 21. Bxb2 {[%clk 1:10:57]}  Nd6 {[%clk 1:01:10]} 22. Bxf5 {[%clk 0:58:19]}  Nxf5 {[%clk 1:01:33]} 23. Be5 {[%clk 0:48:21]}  Rc8 {[%clk 0:58:41]} 24. g4 {[%clk 0:46:43]}  f6 {[%clk 0:49:14]} 25. Bf4 {[%clk 0:45:52]}  g5 {[%clk 0:48:20]} 26. Bxg5 {[%clk 0:25:37]}  fxg5 {[%clk 0:48:33]} 27. gxf5 {[%clk 0:26:05]}  Kf7 {[%clk 0:46:52]} 28. Rc1 {[%clk 0:23:39]}  Kf6 {[%clk 0:44:59]} 29. Rc5 {[%clk 0:23:56]}  Ke5 {[%clk 0:41:15]} 30. Kg2 {[%clk 0:11:15]}  b6 {[%clk 0:40:22]} 31. Rc6 {[%clk 0:11:44]}  Kxf5 {[%clk 0:40:25]} 32. Rh6 {[%clk 0:12:08]}  Ra8 {[%clk 0:39:59]} 33. Rxh7 {[%clk 0:11:44]}  Ra4 {[%clk 0:40:18]} 34. Rf7+ {[%clk 0:11:54]}  Ke5 {[%clk 0:39:12]} 35. h4 {[%clk 0:10:00]}  Ke6 {[%clk 0:24:59]} 36. Rg7 {[%clk 0:05:57]}  d4 {[%clk 0:17:58]} 37. Rg6+ {[%clk 0:03:52]}  Kf7 {[%clk 0:17:30]} 38. Rxg5 {[%clk 0:04:18]}  dxe3 {[%clk 0:17:20]} 39. fxe3 {[%clk 0:04:16]}  Rxb4 {[%clk 0:17:12]} 40. h5 {[%clk 0:02:58]}  Kf6 {[%clk 0:11:34]} 41. Rg6+ {[%clk 0:02:50]}  Ke7 {[%clk 0:06:35]} 42. Rg7+ {[%clk 0:02:07]}  Kf6 {[%clk 0:02:05]} 43. Rxc7 {[%clk 0:30:19]}  Kg5 {[%clk 0:32:26]} 44. h6 {[%clk 0:30:34]}  Kxh6 {[%clk 0:32:40]} 45. Rc6+ {[%clk 0:31:00]}  Kg5 {[%clk 0:33:02]} 46. Rxb6 {[%clk 0:31:25]}  Kg4 {[%clk 0:33:05]} 47. Rg6+ {[%clk 0:18:37]}  Kf5 {[%clk 0:33:18]} 48. Rh6 {[%clk 0:18:56]}  Kg5 {[%clk 0:32:53]} 49. Rh8 {[%clk 0:18:44]}  Rxb5 {[%clk 0:33:05]} 50. Kf3 {[%clk 0:19:12]}  Kf6 {[%clk 0:33:06]} 51. Rh6+ {[%clk 0:19:36]}  Ke7 {[%clk 0:33:31]} 52. Kf4 {[%clk 0:20:03]}  Ra5 {[%clk 0:33:52]} 53. e4 {[%clk 0:20:29]}  Rb5 {[%clk 0:34:15]} 54. Rh7+ {[%clk 0:20:54]}  Ke6 {[%clk 0:34:37]} 55. Ra7 {[%clk 0:21:12]}  Rc5 {[%clk 0:34:43]} 56. Ra6+ {[%clk 0:21:34]}  Ke7 {[%clk 0:35:05]} 57. Ra7+ {[%clk 0:20:27]}  Ke6 {[%clk 0:35:29]} 58. Ra8 {[%clk 0:20:53]}  Rb5 {[%clk 0:35:38]} 59. Rg8 {[%clk 0:20:48]}  Ra5 {[%clk 0:35:32]} 60. Rg6+ {[%clk 0:21:11]}  Ke7 {[%clk 0:35:50]} 61. e5 {[%clk 0:21:21]}  Ra1 {[%clk 0:35:44]} 62. Rg7+ {[%clk 0:21:42]}  Ke6 {[%clk 0:36:06]} 63. Rg6+ {[%clk 0:22:08]}  Ke7 {[%clk 0:36:30]} 1/2-1/2

[Event "45th FIDE Chess Olympiad Open"]
[Site "Budapest, Hungary"]
[Date "2024.09.20"]
[Round "9"]
[White "Michel Yunis, Christian D."]
[Black "Cahaya, Satria Duta"]
[Result "1/2-1/2"]
[Board "206"]
[WhiteFideId "3400085"]
[BlackFideId "7124252"]
[WhiteTitle "IM"]
[BlackTitle "FM"]
[WhiteElo "2220"]
[BlackElo "2219"]
[WhiteTeam "Palestine"]
[BlackTeam "Indonesia"]
[WhiteClock "0:06:26"]
[BlackClock "0:24:59"]
[Variant "Standard"]

1. d4 {[%clk 1:30:49]}  Nf6 {[%clk 1:30:53]} 2. Nf3 {[%clk 1:30:44]}  g6 {[%clk 1:31:16]} 3. c4 {[%clk 1:30:12]}  Bg7 {[%clk 1:31:38]} 4. Nc3 {[%clk 1:29:51]}  d5 {[%clk 1:31:55]} 5. Qb3 {[%clk 1:28:22]}  dxc4 {[%clk 1:31:33]} 6. Qxc4 {[%clk 1:28:41]}  O-O {[%clk 1:31:54]} 7. e4 {[%clk 1:28:19]}  Nc6 {[%clk 1:31:46]} 8. Be2 {[%clk 1:26:17]}  e5 {[%clk 1:31:12]} 9. d5 {[%clk 1:20:06]}  Nd4 {[%clk 1:31:32]} 10. Nxd4 {[%clk 1:18:22]}  exd4 {[%clk 1:32:01]} 11. Qxd4 {[%clk 1:18:38]}  c6 {[%clk 1:32:25]} 12. Qd1 {[%clk 1:08:13]}  cxd5 {[%clk 1:31:55]} 13. exd5 {[%clk 1:08:02]}  b5 {[%clk 1:29:53]} 14. a3 {[%clk 0:56:07]}  Bb7 {[%clk 1:25:18]} 15. O-O {[%clk 0:47:05]}  Nxd5 {[%clk 1:22:54]} 16. Nxd5 {[%clk 0:42:49]}  Qxd5 {[%clk 1:17:52]} 17. Qxd5 {[%clk 0:43:00]}  Bxd5 {[%clk 1:18:20]} 18. Bxb5 {[%clk 0:41:48]}  Rfb8 {[%clk 1:15:36]} 19. a4 {[%clk 0:36:37]}  a6 {[%clk 1:15:51]} 20. Bd3 {[%clk 0:36:15]}  Bc6 {[%clk 1:03:59]} 21. Re1 {[%clk 0:31:44]}  a5 {[%clk 1:01:30]} 22. Re7 {[%clk 0:24:54]}  Rb4 {[%clk 0:57:51]} 23. Rc7 {[%clk 0:21:16]}  Bxa4 {[%clk 0:53:50]} 24. Rc4 {[%clk 0:19:43]}  Rd8 {[%clk 0:38:55]} 25. Bg5 {[%clk 0:14:48]}  Rxc4 {[%clk 0:34:32]} 26. Bxc4 {[%clk 0:14:17]}  Rd1+ {[%clk 0:32:15]} 27. Rxd1 {[%clk 0:14:45]}  Bxd1 {[%clk 0:32:44]} 28. Bc1 {[%clk 0:11:07]}  Kf8 {[%clk 0:26:47]} 29. Kf1 {[%clk 0:11:26]}  Ke7 {[%clk 0:26:20]} 30. Ke1 {[%clk 0:11:27]}  Bc2 {[%clk 0:26:12]} 31. Bd2 {[%clk 0:06:04]}  Bxb2 {[%clk 0:24:59]} 32. Bxa5 {[%clk 0:06:26]} 1/2-1/2

[Event "45th FIDE Chess Olympiad Open"]
[Site "Budapest, Hungary"]
[Date "2024.09.20"]
[Round "9"]
[White "Mariano, Fabian Glen"]
[Black "Abdel Wahab, Ahmad"]
[Result "1-0"]
[Board "207"]
[WhiteFideId "7129041"]
[BlackFideId "11500719"]
[WhiteTitle "CM"]
[WhiteElo "2121"]
[BlackElo "1995"]
[WhiteTeam "Indonesia"]
[BlackTeam "Palestine"]
[WhiteClock "0:32:23"]
[BlackClock "0:02:22"]
[Variant "Standard"]

1. e4 {[%clk 1:30:56]}  c5 {[%clk 1:30:45]} 2. Nf3 {[%clk 1:31:20]}  d6 {[%clk 1:31:10]} 3. d4 {[%clk 1:31:45]}  cxd4 {[%clk 1:31:36]} 4. Nxd4 {[%clk 1:32:08]}  Nf6 {[%clk 1:32:01]} 5. Nc3 {[%clk 1:32:31]}  a6 {[%clk 1:32:28]} 6. f3 {[%clk 1:32:54]}  e5 {[%clk 1:32:53]} 7. Nb3 {[%clk 1:33:18]}  Be6 {[%clk 1:32:53]} 8. Be3 {[%clk 1:33:40]}  Nbd7 {[%clk 1:33:12]} 9. g4 {[%clk 1:33:21]}  Be7 {[%clk 1:26:52]} 10. Qd2 {[%clk 1:32:40]}  b5 {[%clk 1:26:24]} 11. O-O-O {[%clk 1:29:31]}  O-O {[%clk 1:26:50]} 12. g5 {[%clk 1:29:01]}  b4 {[%clk 1:27:17]} 13. Ne2 {[%clk 1:28:26]}  Nh5 {[%clk 1:27:35]} 14. Ng3 {[%clk 1:23:56]}  Nf4 {[%clk 1:27:57]} 15. h4 {[%clk 1:24:20]}  a5 {[%clk 1:24:10]} 16. Kb1 {[%clk 1:05:09]}  g6 {[%clk 1:06:12]} 17. Bxf4 {[%clk 1:02:55]}  exf4 {[%clk 1:06:38]} 18. Qxf4 {[%clk 1:03:18]}  Ne5 {[%clk 1:01:54]} 19. Qe3 {[%clk 1:02:30]}  a4 {[%clk 0:58:13]} 20. Nd4 {[%clk 1:01:07]}  Qb6 {[%clk 0:54:53]} 21. f4 {[%clk 0:54:45]}  Nc4 {[%clk 0:39:03]} 22. Bxc4 {[%clk 0:53:44]}  Bxc4 {[%clk 0:39:25]} 23. Ndf5 {[%clk 0:51:58]}  Qxe3 {[%clk 0:38:53]} 24. Nxe3 {[%clk 0:52:22]}  Be6 {[%clk 0:34:51]} 25. f5 {[%clk 0:52:37]}  Bc8 {[%clk 0:35:18]} 26. f6 {[%clk 0:51:32]}  Bd8 {[%clk 0:35:47]} 27. Nc4 {[%clk 0:50:41]}  Be6 {[%clk 0:31:03]} 28. Nxd6 {[%clk 0:47:27]}  Bb6 {[%clk 0:26:10]} 29. Rd3 {[%clk 0:44:19]}  b3 {[%clk 0:26:12]} 30. cxb3 {[%clk 0:44:11]}  axb3 {[%clk 0:26:36]} 31. axb3 {[%clk 0:44:09]}  Ra6 {[%clk 0:24:52]} 32. Nc4 {[%clk 0:42:54]}  Bc7 {[%clk 0:25:15]} 33. Ne2 {[%clk 0:42:56]}  Rfa8 {[%clk 0:23:55]} 34. Kc2 {[%clk 0:41:31]}  Bg4 {[%clk 0:22:41]} 35. Nc3 {[%clk 0:41:35]}  Rc6 {[%clk 0:17:26]} 36. Nd5 {[%clk 0:40:39]}  Kf8 {[%clk 0:16:40]} 37. Nxc7 {[%clk 0:40:44]}  Rxc7 {[%clk 0:17:06]} 38. Rg1 {[%clk 0:38:26]}  Be6 {[%clk 0:13:41]} 39. Rd4 {[%clk 0:38:30]}  Rb8 {[%clk 0:13:29]} 40. Rgd1 {[%clk 0:38:23]}  Ke8 {[%clk 0:13:20]} 41. Kb1 {[%clk 0:38:38]}  Bg4 {[%clk 0:09:46]} 42. R1d2 {[%clk 0:37:47]}  Be6 {[%clk 0:07:29]} 43. Nd6+ {[%clk 0:36:16]}  Kf8 {[%clk 0:07:32]} 44. Nf5 {[%clk 0:31:42]}  Rcc8 {[%clk 0:07:04]} 45. Ne7 {[%clk 0:32:04]}  Re8 {[%clk 0:06:18]} 46. b4 {[%clk 0:32:29]}  Rb5 {[%clk 0:02:16]} 47. Nc6 {[%clk 0:32:08]}  Rb6 {[%clk 0:02:22]} 48. b5 {[%clk 0:32:23]} 1-0

[Event "45th FIDE Chess Olympiad Open"]
[Site "Budapest, Hungary"]
[Date "2024.09.20"]
[Round "9"]
[White "Miswadah, Baha"]
[Black "Kristopher, Reynard"]
[Result "0-1"]
[Board "208"]
[WhiteFideId "11502118"]
[BlackFideId "7124333"]
[WhiteTitle "CM"]
[WhiteElo "1957"]
[BlackElo "2114"]
[WhiteTeam "Palestine"]
[BlackTeam "Indonesia"]
[WhiteClock "0:04:46"]
[BlackClock "0:02:34"]
[Variant "Standard"]

1. d4 {[%clk 1:30:54]}  d5 {[%clk 1:30:56]} 2. Bf4 {[%clk 1:31:14]}  c5 {[%clk 1:31:20]} 3. e3 {[%clk 1:31:39]}  Nc6 {[%clk 1:31:47]} 4. c3 {[%clk 1:31:47]}  Nf6 {[%clk 1:32:11]} 5. Nd2 {[%clk 1:31:56]}  Bf5 {[%clk 1:32:35]} 6. Qb3 {[%clk 1:30:33]}  Qd7 {[%clk 1:32:59]} 7. Ngf3 {[%clk 1:30:13]}  c4 {[%clk 1:33:24]} 8. Qd1 {[%clk 1:30:00]}  e6 {[%clk 1:33:38]} 9. a4 {[%clk 1:30:10]}  Bd6 {[%clk 1:25:28]} 10. Bxd6 {[%clk 1:25:24]}  Qxd6 {[%clk 1:25:56]} 11. b3 {[%clk 1:25:30]}  cxb3 {[%clk 1:22:21]} 12. Qxb3 {[%clk 1:25:35]}  O-O {[%clk 1:18:51]} 13. Nh4 {[%clk 1:20:26]}  Rac8 {[%clk 0:54:18]} 14. a5 {[%clk 1:16:35]}  Qc7 {[%clk 0:39:36]} 15. Nxf5 {[%clk 1:11:03]}  exf5 {[%clk 0:39:37]} 16. Qa3 {[%clk 1:10:29]}  f4 {[%clk 0:33:25]} 17. Be2 {[%clk 1:03:13]}  fxe3 {[%clk 0:24:35]} 18. fxe3 {[%clk 1:02:38]}  Rfe8 {[%clk 0:24:13]} 19. Kf2 {[%clk 0:52:35]}  Ne7 {[%clk 0:16:56]} 20. g4 {[%clk 0:43:16]}  Ng6 {[%clk 0:07:06]} 21. g5 {[%clk 0:39:50]}  Rxe3 {[%clk 0:03:54]} 22. gxf6 {[%clk 0:29:50]}  Qf4+ {[%clk 0:03:26]} 23. Bf3 {[%clk 0:19:03]}  Rexc3 {[%clk 0:01:29]} 24. Qxc3 {[%clk 0:07:20]}  Rxc3 {[%clk 0:01:52]} 25. Ke2 {[%clk 0:05:18]}  Qe3+ {[%clk 0:02:11]} 26. Kd1 {[%clk 0:04:46]}  Rd3 {[%clk 0:02:34]} 0-1

[Event "45th FIDE Chess Olympiad Open"]
[Site "Budapest, Hungary"]
[Date "2024.09.20"]
[Round "9"]
[White "Laohawirapap, Prin"]
[Black "Almedina Ortiz, Edgardo J."]
[Result "1/2-1/2"]
[Board "209"]
[WhiteFideId "6205003"]
[BlackFideId "3100197"]
[WhiteTitle "IM"]
[BlackTitle "FM"]
[WhiteElo "2380"]
[BlackElo "2196"]
[WhiteTeam "Thailand"]
[BlackTeam "Puerto Rico"]
[WhiteClock "0:00:59"]
[BlackClock "0:02:03"]
[Variant "Standard"]

1. e4 {[%clk 1:30:56]}  c6 {[%clk 1:30:49]} 2. d4 {[%clk 1:31:14]}  d5 {[%clk 1:31:10]} 3. exd5 {[%clk 1:31:33]}  cxd5 {[%clk 1:31:32]} 4. Bd3 {[%clk 1:31:48]}  Nc6 {[%clk 1:31:54]} 5. c3 {[%clk 1:32:04]}  Nf6 {[%clk 1:31:48]} 6. Bf4 {[%clk 1:32:20]}  Bg4 {[%clk 1:31:59]} 7. Qb3 {[%clk 1:32:35]}  e5 {[%clk 1:31:40]} 8. h3 {[%clk 1:28:11]}  Na5 {[%clk 1:30:38]} 9. Qc2 {[%clk 1:27:41]}  exf4 {[%clk 1:30:41]} 10. hxg4 {[%clk 1:27:54]}  Nxg4 {[%clk 1:30:52]} 11. Qe2+ {[%clk 1:08:56]}  Qe7 {[%clk 1:31:11]} 12. Nh3 {[%clk 1:09:20]}  Qxe2+ {[%clk 1:25:56]} 13. Bxe2 {[%clk 1:03:23]}  Nf6 {[%clk 1:26:12]} 14. Nxf4 {[%clk 1:03:38]}  g6 {[%clk 1:26:23]} 15. Bf3 {[%clk 0:58:44]}  O-O-O {[%clk 1:26:41]} 16. Nd2 {[%clk 0:58:58]}  h5 {[%clk 1:26:58]} 17. Nd3 {[%clk 0:54:35]}  Bd6 {[%clk 1:24:10]} 18. b4 {[%clk 0:52:07]}  Nc6 {[%clk 1:20:03]} 19. O-O-O {[%clk 0:45:12]}  a5 {[%clk 0:52:04]} 20. b5 {[%clk 0:39:29]}  Ne7 {[%clk 0:49:22]} 21. Rde1 {[%clk 0:34:23]}  Kb8 {[%clk 0:47:02]} 22. Kc2 {[%clk 0:27:21]}  Rc8 {[%clk 0:42:58]} 23. Ne5 {[%clk 0:25:23]}  Rhf8 {[%clk 0:41:56]} 24. Kd3 {[%clk 0:23:33]}  Rc7 {[%clk 0:40:17]} 25. b6 {[%clk 0:13:15]}  Rcc8 {[%clk 0:40:16]} 26. a4 {[%clk 0:13:37]}  Bxe5 {[%clk 0:22:20]} 27. Rxe5 {[%clk 0:12:43]}  Nc6 {[%clk 0:22:10]} 28. Ree1 {[%clk 0:11:40]}  Rfd8 {[%clk 0:18:01]} 29. Rb1 {[%clk 0:10:51]}  Rd6 {[%clk 0:16:45]} 30. Rb5 {[%clk 0:10:21]}  Ne7 {[%clk 0:12:58]} 31. Re1 {[%clk 0:05:50]}  Nf5 {[%clk 0:11:38]} 32. Nb3 {[%clk 0:03:13]}  Rcc6 {[%clk 0:09:32]} 33. Nxa5 {[%clk 0:01:58]}  Rxb6 {[%clk 0:09:55]} 34. Reb1 {[%clk 0:02:03]}  Rxb5 {[%clk 0:09:33]} 35. Rxb5 {[%clk 0:02:27]}  b6 {[%clk 0:09:40]} 36. g3 {[%clk 0:01:00]}  Kc7 {[%clk 0:08:58]} 37. Nb3 {[%clk 0:01:24]}  Ne7 {[%clk 0:07:48]} 38. Nd2 {[%clk 0:00:35]}  Nc6 {[%clk 0:07:04]} 39. Nf1 {[%clk 0:00:50]}  Ne7 {[%clk 0:04:23]} 40. Ne3 {[%clk 0:00:57]}  Rd8 {[%clk 0:03:52]} 41. c4 {[%clk 0:24:30]}  dxc4+ {[%clk 0:19:44]} 42. Nxc4 {[%clk 0:24:52]}  Nd7 {[%clk 0:19:54]} 43. a5 {[%clk 0:09:32]}  Rb8 {[%clk 0:16:27]} 44. a6 {[%clk 0:03:09]}  Nc8 {[%clk 0:16:27]} 45. Rb1 {[%clk 0:02:41]}  b5 {[%clk 0:12:25]} 46. Ne3 {[%clk 0:02:55]}  Na7 {[%clk 0:12:23]} 47. Nd5+ {[%clk 0:02:58]}  Kd6 {[%clk 0:12:15]} 48. Nc3 {[%clk 0:01:30]}  Rb6 {[%clk 0:10:31]} 49. Bb7 {[%clk 0:01:15]}  Nb8 {[%clk 0:03:45]} 50. Ne4+ {[%clk 0:00:39]}  Ke7 {[%clk 0:03:35]} 51. Nc5 {[%clk 0:00:40]}  Nd7 {[%clk 0:03:05]} 52. Nxd7 {[%clk 0:00:34]}  Kxd7 {[%clk 0:03:30]} 53. d5 {[%clk 0:00:37]}  Rf6 {[%clk 0:03:25]} 54. Rb2 {[%clk 0:00:42]}  g5 {[%clk 0:02:17]} 55. Kd4 {[%clk 0:00:53]}  Kd6 {[%clk 0:01:29]} 56. Ke4 {[%clk 0:00:32]}  h4 {[%clk 0:01:18]} 57. gxh4 {[%clk 0:00:45]}  gxh4 {[%clk 0:01:44]} 58. f4 {[%clk 0:01:10]}  Rh6 {[%clk 0:01:15]} 59. Rh2 {[%clk 0:00:59]}  h3 {[%clk 0:00:56]} 60. Kd4 {[%clk 0:01:14]}  Rh4 {[%clk 0:01:13]} 61. Kc3 {[%clk 0:01:38]}  Kc5 {[%clk 0:01:09]} 62. Kb3 {[%clk 0:01:49]}  Kd6 {[%clk 0:00:45]} 63. Ka3 {[%clk 0:00:42]}  Kc5 {[%clk 0:00:43]} 64. Rc2+ {[%clk 0:00:34]}  Kd6 {[%clk 0:00:54]} 65. Rh2 {[%clk 0:00:40]}  Kc5 {[%clk 0:01:16]} 66. Rc2+ {[%clk 0:00:35]}  Kd6 {[%clk 0:01:40]} 67. Rh2 {[%clk 0:00:59]}  Kc5 {[%clk 0:02:03]} 1/2-1/2

[Event "45th FIDE Chess Olympiad Open"]
[Site "Budapest, Hungary"]
[Date "2024.09.20"]
[Round "9"]
[White "Zilleruelo Irizarry, Diego"]
[Black "Kulpruethanon, Thanadon"]
[Result "1/2-1/2"]
[Board "210"]
[WhiteFideId "3101460"]
[BlackFideId "6201610"]
[WhiteTitle "CM"]
[BlackTitle "FM"]
[WhiteElo "2041"]
[BlackElo "2286"]
[WhiteTeam "Puerto Rico"]
[BlackTeam "Thailand"]
[WhiteClock "0:09:46"]
[BlackClock "0:07:05"]
[Variant "Standard"]

1. e4 {[%clk 1:30:49]}  c5 {[%clk 1:30:51]} 2. Nf3 {[%clk 1:31:00]}  Nc6 {[%clk 1:31:14]} 3. Be2 {[%clk 1:31:00]}  g6 {[%clk 1:28:37]} 4. c3 {[%clk 1:31:20]}  Nf6 {[%clk 1:28:29]} 5. e5 {[%clk 1:30:48]}  Nh5 {[%clk 1:21:40]} 6. d4 {[%clk 1:24:10]}  cxd4 {[%clk 1:21:14]} 7. cxd4 {[%clk 1:24:36]}  d6 {[%clk 1:21:16]} 8. O-O {[%clk 1:11:46]}  dxe5 {[%clk 1:02:17]} 9. d5 {[%clk 1:10:35]}  Nb8 {[%clk 1:01:55]} 10. Nxe5 {[%clk 1:10:27]}  Bg7 {[%clk 0:57:52]} 11. Qa4+ {[%clk 1:08:50]}  Nd7 {[%clk 0:56:15]} 12. Nxd7 {[%clk 1:08:50]}  Bxd7 {[%clk 0:56:32]} 13. Qb3 {[%clk 1:09:03]}  Nf6 {[%clk 0:49:41]} 14. Qxb7 {[%clk 0:59:10]}  O-O {[%clk 0:49:50]} 15. Nc3 {[%clk 0:58:54]}  Ne8 {[%clk 0:46:37]} 16. Bf4 {[%clk 0:53:26]}  Nd6 {[%clk 0:46:33]} 17. Qa6 {[%clk 0:53:33]}  Rb8 {[%clk 0:45:41]} 18. Rac1 {[%clk 0:38:19]}  Rxb2 {[%clk 0:45:00]} 19. Bd3 {[%clk 0:38:33]}  Qb6 {[%clk 0:30:32]} 20. Qxb6 {[%clk 0:32:06]}  axb6 {[%clk 0:30:48]} 21. Rfe1 {[%clk 0:30:01]}  Bf6 {[%clk 0:18:47]} 22. Be5 {[%clk 0:28:23]}  Bxe5 {[%clk 0:14:28]} 23. Rxe5 {[%clk 0:28:51]}  Re8 {[%clk 0:11:34]} 24. Re2 {[%clk 0:25:41]}  Rxe2 {[%clk 0:11:25]} 25. Nxe2 {[%clk 0:26:08]}  Ra8 {[%clk 0:11:10]} 26. Bb1 {[%clk 0:11:00]}  Ra5 {[%clk 0:10:14]} 27. Rd1 {[%clk 0:10:36]}  Bb5 {[%clk 0:10:14]} 28. Nd4 {[%clk 0:10:35]}  Ba4 {[%clk 0:10:15]} 29. Nb3 {[%clk 0:10:11]}  Rb5 {[%clk 0:10:10]} 30. Bc2 {[%clk 0:09:30]}  Nc4 {[%clk 0:07:20]} 31. Rd4 {[%clk 0:06:02]}  Bxb3 {[%clk 0:07:15]} 32. axb3 {[%clk 0:05:03]}  Na3 {[%clk 0:07:33]} 33. Bd1 {[%clk 0:04:41]}  Rc5 {[%clk 0:07:40]} 34. Kf1 {[%clk 0:04:16]}  Nb5 {[%clk 0:07:37]} 35. Rd3 {[%clk 0:04:29]}  Rc1 {[%clk 0:07:05]} 36. Ke1 {[%clk 0:03:45]}  Kg7 {[%clk 0:07:00]} 37. h4 {[%clk 0:01:35]}  h5 {[%clk 0:06:37]} 38. f3 {[%clk 0:01:02]}  Kf6 {[%clk 0:06:28]} 39. g4 {[%clk 0:01:26]}  Ke5 {[%clk 0:02:40]} 40. Kd2 {[%clk 0:01:08]}  Ra1 {[%clk 0:01:39]} 41. gxh5 {[%clk 0:29:45]}  gxh5 {[%clk 0:29:31]} 42. f4+ {[%clk 0:25:38]}  Kf6 {[%clk 0:29:24]} 43. Bxh5 {[%clk 0:18:18]}  Rh1 {[%clk 0:29:07]} 44. Bg4 {[%clk 0:18:32]}  Rxh4 {[%clk 0:28:52]} 45. Bd7 {[%clk 0:18:59]}  Nd6 {[%clk 0:28:58]} 46. Rd4 {[%clk 0:17:18]}  Rh8 {[%clk 0:25:06]} 47. Rb4 {[%clk 0:16:23]}  Rd8 {[%clk 0:24:24]} 48. Bc6 {[%clk 0:16:33]}  Rb8 {[%clk 0:23:25]} 49. Bd7 {[%clk 0:16:48]}  Kg6 {[%clk 0:17:54]} 50. Kc3 {[%clk 0:15:12]}  f5 {[%clk 0:16:21]} 51. Kd4 {[%clk 0:13:56]}  Kf6 {[%clk 0:16:25]} 52. Kd3 {[%clk 0:09:19]}  Ne4 {[%clk 0:14:21]} 53. Kd4 {[%clk 0:09:09]}  Nd6 {[%clk 0:12:09]} 54. Kd3 {[%clk 0:09:34]}  Ne4 {[%clk 0:08:55]} 55. Kd4 {[%clk 0:09:46]}  Nd6 {[%clk 0:07:05]} 1/2-1/2